01401cam a22003494i 4500003000900000005001700009008004100026035001900067040003300086082002100119100004400140245005300184264006600237300002800303336002100331337002500352338002300377505047000400526001000870526001000880526001000890526001000900526000800910526000800918526000800926526000800934526000800942526000800950526000800958600003200966650005300998PE-LiUPU20250731173137.0150623s r 000 0 d a(Sirsi) a27074 aPE-LiUPUbspacPE-LiUPUerda04a286.732bM592211 aMaxwell, C. Mervyn,d1925-1999,eautor.10aMagnificent disappointment /cC. Mervyn Maxwell. 1aBerrien Springs, Michigan :bPetra Publishing Company,c2000. a175 páginas ;c21 cm. atext2rdacontent aunmediated2rdamedia avolume2rdacarrier0 aArriving at the date: Best man available. How Miller made his mistake. How do you calculate 1844?. Why october 22?. Discovering the event: What actually happened in heaven?. Investigative judgment: a seventh-day adventist invention?. Exploring the meaning: 1844 an being "adventist". 1844 and the sabbath. 1844 and the being ready. Investigative judgment: good news or bad news?. 1844 and worship. 1844 and being like Jesus. 1844 and lifestyle. The meaning of 1844. aSEG42 aSEG41 aSEG40 aSEG39 aP94 aP87 aP86 aP85 aP77 aP76 aP351 aMiller, William.d1787-184904aAdventistas del séptimo díazEstados Unidos.